Zákon Národnej rady Slovenskej republiky

Zákon NR SR z 26.6.1995 o odbornej spôsobilosti na vybrané činnosti vo výstavbe a o zmene a doplnení zákona č. 50/1976 Zb. o územnom plánovaní a stavebnom poriadku (stavebný zákon), ktorý nadobudol účinnosť od 1.7.1995.

Guardado en:
Detalles Bibliográficos
Formato: Capítulo de libro
Lenguaje:eslovaco
Materias:
Etiquetas: Agregar Etiqueta
Sin Etiquetas, Sea el primero en etiquetar este registro!

MARC

LEADER 00000naa a2200000 4500
001 r018827
005 20221213100036.2
041 0 |a slo 
044 |a SK 
245 1 0 |a Zákon Národnej rady Slovenskej republiky 
520 |a Zákon NR SR z 26.6.1995 o odbornej spôsobilosti na vybrané činnosti vo výstavbe a o zmene a doplnení zákona č. 50/1976 Zb. o územnom plánovaní a stavebnom poriadku (stavebný zákon), ktorý nadobudol účinnosť od 1.7.1995. 
610 2 0 |a zákony 
610 2 0 |a Slovensko 
610 2 0 |a 1995 
610 2 0 |a stavebníctvo 
610 2 0 |a spôsobilosť k práci